| 000 | 00863nam a22002777a 4500 | ||
|---|---|---|---|
| 001 | 0147 | ||
| 003 | DO-SdBNP | ||
| 005 | 20231103115011.0 | ||
| 007 | 0147 | ||
| 008 | 160707b 2010 ck 00| 0 spa d | ||
| 020 | _a9781616050740 | ||
| 040 |
_aBPMSU _bspa _cBPMSU |
||
| 082 | 4 |
_a814.5 _bG543q 2010 _222 |
|
| 100 |
_aGladwell, Malcolm _d1963- |
||
| 240 | _a | ||
| 245 |
_aLo que vio el perro y otras aventuras / _cMalcolm Gladwell ; Traductor Pedro Cifuentes |
||
| 260 |
_aBogotá : _bTaurus, _c2010 |
||
| 300 |
_a427 p . ; _c23 cm |
||
| 534 |
_aTÃtulo original : _tWhat the dog saw and other adventures. |
||
| 590 | _aInventariado, 2023/VM | ||
| 600 | 1 | 4 |
_aGladwell, Malcolm, _d 1963- _vColecciones de escritos. |
| 650 | 4 | _aEnsayos estadounidenses. | |
| 700 | 1 |
_aCifuentes, Pedro _etr. |
|
| 910 | _aVMateo V. Control de calidad. BPMSU | ||
| 942 |
_2ddc _cBK |
||
| 999 |
_c10756 _d10756 |
||